Escritores representativos de américa /
Guardado en:
| Autor Principal: | |
|---|---|
| Formato: | Libro |
| Publicado: |
Madrid :
Gredos,
1957
|
| Materias: | |
| Etiquetas: |
Agregar Etiqueta
Sin Etiquetas, Sea el primero en etiquetar este registro!
|
| LEADER | 00562nam a22001815a 4500 | ||
|---|---|---|---|
| 001 | EHU.bham009849 | ||
| 003 | AR-BHAM | ||
| 005 | 20151021181115.0 | ||
| 008 | 130507s1957##################000#0#####d | ||
| 082 | H | 8 | |a 860.7 |
| 100 | 1 | |a Sánchez, Luis Alberto | |
| 245 | 1 | 0 | |a Escritores representativos de américa / |c Luis Alberto Sánchez |
| 260 | |a Madrid : |b Gredos, |c 1957 | ||
| 300 | |a 317 p. | ||
| 500 | |a Reposición | ||
| 653 | |a Literatura hispanoamericana-estudios | ||
| 653 | |a Donación lejarraga | ||
| 859 | |a AR-BHAM |b BIB. HUMANIDADES - General |h H860.7 |i Sa55 |k H |p 1.15 |t Ej.1 |v I | ||
